<?xml version="1.0" encoding="UTF-8"?>
<record
    xmlns:xsi="http://www.w3.org/2001/XMLSchema-instance"
    xsi:schemaLocation="http://www.loc.gov/MARC21/slim http://www.loc.gov/standards/marcxml/schema/MARC21slim.xsd"
    xmlns="http://www.loc.gov/MARC21/slim">

  <leader>00759nam a22001577a 4500</leader>
  <controlfield tag="003">OSt</controlfield>
  <controlfield tag="005">20160616153921.0</controlfield>
  <controlfield tag="008">160616b        xxu||||| |||| 00| 0 eng d</controlfield>
  <datafield tag="040" ind1=" " ind2=" ">
    <subfield code="c">RUA</subfield>
  </datafield>
  <datafield tag="082" ind1=" " ind2=" ">
    <subfield code="a">AGR HEM 2014 B475 Or.1</subfield>
  </datafield>
  <datafield tag="100" ind1=" " ind2=" ">
    <subfield code="9">8437</subfield>
    <subfield code="a">HEM CHANSOPHEAK; &#x17A0;&#x17C2;&#x1798; &#x1785;&#x17D0;&#x1793;&#x17D2;&#x1791;&#x179F;&#x17BB;&#x1797;&#x17D0;&#x1780;&#x17D2;&#x179A;&#x17D2;&#x178F;</subfield>
  </datafield>
  <datafield tag="245" ind1=" " ind2=" ">
    <subfield code="a">Effect of number of time irrigating urea on amaranthus gracilis yield in sandy loam soil condition; &#x17A5;&#x1791;&#x17D2;&#x1792;&#x17B7;&#x1796;&#x179B;&#x1793;&#x17C3;&#x1785;&#x17C6;&#x1793;&#x17BD;&#x1793;&#x178A;&#x1784;&#x179F;&#x17D2;&#x179A;&#x17C4;&#x1785;&#x179F;&#x17D2;&#x179A;&#x1796;&#x1787;&#x17B8;&#x17A2;&#x17CA;&#x17BB;&#x1785;&#x179A;&#x17C9;&#x17C1;&#x179B;&#x17BE;&#x1791;&#x17B7;&#x1793;&#x17D2;&#x1793;&#x1795;&#x179B;&#x178A;&#x17C6;&#x178E;&#x17B6;&#x17C6;&#x1795;&#x17D2;&#x1791;&#x17B8;&#x179A;&#x179F;&#x1780;&#x17D2;&#x179A;&#x17C4;&#x1798;&#x179B;&#x1780;&#x17D2;&#x1781;&#x1781;&#x178E;&#x17D2;&#x178C;&#x178A;&#x17B8;&#x179B;&#x17D2;&#x1794;&#x17B6;&#x1799;&#x1781;&#x17D2;&#x179F;&#x17B6;&#x1785;&#x17CB;</subfield>
  </datafield>
  <datafield tag="260" ind1=" " ind2=" ">
    <subfield code="a">Phnom Penh</subfield>
    <subfield code="b">RUA</subfield>
    <subfield code="c">2014</subfield>
  </datafield>
  <datafield tag="300" ind1=" " ind2=" ">
    <subfield code="a">xi;53p.</subfield>
    <subfield code="b">ill.</subfield>
    <subfield code="c">29cm.</subfield>
  </datafield>
  <datafield tag="942" ind1=" " ind2=" ">
    <subfield code="2">ddc</subfield>
    <subfield code="c">AGR</subfield>
  </datafield>
  <datafield tag="999" ind1=" " ind2=" ">
    <subfield code="c">8082</subfield>
    <subfield code="d">8082</subfield>
  </datafield>
  <datafield tag="952" ind1=" " ind2=" ">
    <subfield code="0">0</subfield>
    <subfield code="1">0</subfield>
    <subfield code="2">ddc</subfield>
    <subfield code="4">0</subfield>
    <subfield code="6">AGR_HEM_2014_000000000000000_B475_OR_1</subfield>
    <subfield code="7">0</subfield>
    <subfield code="9">45993</subfield>
    <subfield code="a">LBB</subfield>
    <subfield code="b">LBB</subfield>
    <subfield code="c">B475</subfield>
    <subfield code="d">2016-06-16</subfield>
    <subfield code="l">5</subfield>
    <subfield code="o">AGR HEM 2014 B475 Or.1</subfield>
    <subfield code="p">RUA059510</subfield>
    <subfield code="r">2019-09-26</subfield>
    <subfield code="s">2019-08-30</subfield>
    <subfield code="w">2016-06-16</subfield>
    <subfield code="y">AGR</subfield>
  </datafield>
  <datafield tag="952" ind1=" " ind2=" ">
    <subfield code="0">0</subfield>
    <subfield code="1">0</subfield>
    <subfield code="2">ddc</subfield>
    <subfield code="4">0</subfield>
    <subfield code="6">AGR_HEM_2014_000000000000000_B475_OR_2</subfield>
    <subfield code="7">0</subfield>
    <subfield code="9">45994</subfield>
    <subfield code="a">LBB</subfield>
    <subfield code="b">LBB</subfield>
    <subfield code="c">B475</subfield>
    <subfield code="d">2016-06-16</subfield>
    <subfield code="o">AGR HEM 2014 B475 Or.2</subfield>
    <subfield code="p">RUA058874</subfield>
    <subfield code="r">2016-06-16</subfield>
    <subfield code="w">2016-06-16</subfield>
    <subfield code="y">AGR</subfield>
  </datafield>
  <datafield tag="952" ind1=" " ind2=" ">
    <subfield code="0">0</subfield>
    <subfield code="1">0</subfield>
    <subfield code="2">ddc</subfield>
    <subfield code="4">0</subfield>
    <subfield code="6">AGR_HEM_2014_000000000000000_B475_OR_3</subfield>
    <subfield code="7">0</subfield>
    <subfield code="9">45995</subfield>
    <subfield code="a">LBB</subfield>
    <subfield code="b">LBB</subfield>
    <subfield code="c">B475</subfield>
    <subfield code="d">2016-06-16</subfield>
    <subfield code="o">AGR HEM 2014 B475 Or.3</subfield>
    <subfield code="p">RUA058994</subfield>
    <subfield code="r">2016-06-16</subfield>
    <subfield code="w">2016-06-16</subfield>
    <subfield code="y">AGR</subfield>
  </datafield>
  <datafield tag="952" ind1=" " ind2=" ">
    <subfield code="0">0</subfield>
    <subfield code="1">0</subfield>
    <subfield code="2">ddc</subfield>
    <subfield code="4">0</subfield>
    <subfield code="6">AGR_HEM_2014_000000000000000_B475_OR_4</subfield>
    <subfield code="7">0</subfield>
    <subfield code="9">45996</subfield>
    <subfield code="a">LBB</subfield>
    <subfield code="b">LBB</subfield>
    <subfield code="c">B475</subfield>
    <subfield code="d">2016-06-16</subfield>
    <subfield code="l">3</subfield>
    <subfield code="o">AGR HEM 2014 B475 Or.4</subfield>
    <subfield code="p">RUA058634</subfield>
    <subfield code="r">2019-12-20</subfield>
    <subfield code="s">2019-12-07</subfield>
    <subfield code="w">2016-06-16</subfield>
    <subfield code="y">AGR</subfield>
  </datafield>
  <datafield tag="952" ind1=" " ind2=" ">
    <subfield code="0">0</subfield>
    <subfield code="1">0</subfield>
    <subfield code="2">ddc</subfield>
    <subfield code="4">0</subfield>
    <subfield code="6">AGR_HEM_2014_000000000000000_B475_OR_5</subfield>
    <subfield code="7">0</subfield>
    <subfield code="9">45997</subfield>
    <subfield code="a">LBB</subfield>
    <subfield code="b">LBB</subfield>
    <subfield code="c">B475</subfield>
    <subfield code="d">2016-06-16</subfield>
    <subfield code="l">1</subfield>
    <subfield code="o">AGR HEM 2014 B475 Or.5</subfield>
    <subfield code="p">RUA058514</subfield>
    <subfield code="r">2024-02-09</subfield>
    <subfield code="s">2024-01-29</subfield>
    <subfield code="w">2016-06-16</subfield>
    <subfield code="y">AGR</subfield>
  </datafield>
  <datafield tag="952" ind1=" " ind2=" ">
    <subfield code="0">0</subfield>
    <subfield code="1">0</subfield>
    <subfield code="2">ddc</subfield>
    <subfield code="4">0</subfield>
    <subfield code="6">AGR_HEM_2014_000000000000000_B475_OR_6</subfield>
    <subfield code="7">0</subfield>
    <subfield code="9">45998</subfield>
    <subfield code="a">LBB</subfield>
    <subfield code="b">LBB</subfield>
    <subfield code="c">B475</subfield>
    <subfield code="d">2016-06-16</subfield>
    <subfield code="l">3</subfield>
    <subfield code="o">AGR HEM 2014 B475 Or.6</subfield>
    <subfield code="p">RUA059122</subfield>
    <subfield code="r">2019-10-05</subfield>
    <subfield code="s">2019-08-20</subfield>
    <subfield code="w">2016-06-16</subfield>
    <subfield code="y">AGR</subfield>
  </datafield>
  <datafield tag="952" ind1=" " ind2=" ">
    <subfield code="0">0</subfield>
    <subfield code="1">0</subfield>
    <subfield code="2">ddc</subfield>
    <subfield code="4">0</subfield>
    <subfield code="6">AGR_HEM_2014_000000000000000_B475_OR_7</subfield>
    <subfield code="7">0</subfield>
    <subfield code="9">45999</subfield>
    <subfield code="a">LBB</subfield>
    <subfield code="b">LBB</subfield>
    <subfield code="c">B475</subfield>
    <subfield code="d">2016-06-16</subfield>
    <subfield code="o">AGR HEM 2014 B475 Or.7</subfield>
    <subfield code="p">RUA058730</subfield>
    <subfield code="r">2016-06-16</subfield>
    <subfield code="w">2016-06-16</subfield>
    <subfield code="y">AGR</subfield>
  </datafield>
  <datafield tag="952" ind1=" " ind2=" ">
    <subfield code="0">0</subfield>
    <subfield code="1">0</subfield>
    <subfield code="2">ddc</subfield>
    <subfield code="4">0</subfield>
    <subfield code="6">AGR_HEM_2014_000000000000000_B475_OR_8</subfield>
    <subfield code="7">0</subfield>
    <subfield code="9">46000</subfield>
    <subfield code="a">LBB</subfield>
    <subfield code="b">LBB</subfield>
    <subfield code="c">B475</subfield>
    <subfield code="d">2016-06-16</subfield>
    <subfield code="o">AGR HEM 2014 B475 Or.8</subfield>
    <subfield code="p">RUA058753</subfield>
    <subfield code="r">2016-06-16</subfield>
    <subfield code="w">2016-06-16</subfield>
    <subfield code="y">AGR</subfield>
  </datafield>
</record>
